[Event "Moscow blitz 72nd"]
[Site "Moscow"]
[Date "2018.09.08"]
[Round "4"]
[White "Korovin, Mikhail"]
[Black "Gubajdullin, Alexey"]
[Result "0-1"]
[WhiteElo "2311"]
[BlackElo "2358"]
[PlyCount "110"]
[EventDate "2018.09.08"]
[EventType "tourn (blitz)"]
[EventRounds "19"]
[EventCountry "RUS"]
[EventCategory "11"]
[SourceTitle "CBM 186 Extra"]
[Source "ChessBase"]
[SourceDate "2018.08.24"]
[SourceVersion "1"]
[SourceVersionDate "2018.08.24"]
[SourceQuality "1"]

1. Nf3 d5 2. b3 Bf5 3. Bb2 e6 4. g3 c6 5. Bg2 h6 6. 0-0 Nf6 7. d3 Be7 8. Nbd2 0-0 9. Re1 a5 10. a3 Qb6 11. e4 Bh7 12. Qe2 Na6 13. Ne5 Nc5 14. Ng4 Ncd7 15. Nxf6+ Bxf6 16. e5 Be7 17. h4 a4 18. b4 c5 19. c4 cxb4 20. cxd5 bxa3 21. Bxa3 Bxa3 22. Rxa3 Qb2 23. Nc4 Qxe2 24. Rxe2 exd5 25. Bxd5 Nc5 26. d4 Nb3 27. Bxb7 Ra7 28. Bd5 Nxd4 29. Rea2 Bc2 30. Ne3 Rc8 31. Nxc2 Rxc2 32. e6 fxe6 33. Bxe6+ Kh8 34. Rxc2 Nxc2 35. Rc3 Nd4 36. Rc8+ Kh7 37. Ba2 g5 38. h5 g4 39. Rc4 Nf3+ 40. Kg2 Ne5 41. Re4 Ra5 42. Kf1 Kg7 43. Ke2 Kf6 44. Rf4+ Kg5 45. Bb1 Nd7 46. Bg6 Nf6 47. Rb4 Nxh5 48. Bb1 a3 49. Ba2 Nf6 50. Kd3 Nd7 51. Kc3 Ne5 52. Rf4 Rc5+ 53. Kb4 Nd3+ 54. Kxa3 Nxf4 55. gxf4+ Kxf4 0-1

[Event "Moscow blitz 72nd"]
[Site "Moscow"]
[Date "2018.09.08"]
[Round "5"]
[White "Rychagov, Andrey"]
[Black "Korovin, Mikhail"]
[Result "1/2-1/2"]
[WhiteElo "2548"]
[BlackElo "2311"]
[PlyCount "131"]
[EventDate "2018.09.08"]
[EventType "tourn (blitz)"]
[EventRounds "19"]
[EventCountry "RUS"]
[EventCategory "11"]
[SourceTitle "CBM 186 Extra"]
[Source "ChessBase"]
[SourceDate "2018.08.24"]
[SourceVersion "1"]
[SourceVersionDate "2018.08.24"]
[SourceQuality "1"]

1. d4 e6 2. c4 Nf6 3. Nf3 Bb4+ 4. Bd2 Qe7 5. Nc3 0-0 6. g3 d6 7. Bg2 e5 8. 0-0 c6 9. dxe5 dxe5 10. a3 Bd6 11. Qc2 Bg4 12. Nh4 Qe6 13. f3 Bh5 14. b3 Nbd7 15. Qf5 Qe7 16. Qc2 Bg6 17. Nxg6 hxg6 18. b4 e4 19. c5 Be5 20. f4 Bxc3 21. Bxc3 Nd5 22. Bd4 f5 23. Rab1 a6 24. a4 N7f6 25. b5 axb5 26. axb5 Rfd8 27. Rfd1 Ra3 28. Rb3 Ra4 29. e3 Rda8 30. Bf1 g5 31. fxg5 Ng4 32. Bc4 Qxg5 33. Bxd5+ cxd5 34. Re1 Rc4 35. Qg2 Qe7 36. Rf1 Ne5 37. Rxf5 Nf3+ 38. Rxf3 exf3 39. Qxf3 Qf7 40. Qxf7+ Kxf7 41. Rb2 Ke6 42. Kg2 Rca4 43. Rb3 Ra2+ 44. Kh3 Rh8+ 45. Kg4 Rhxh2 46. c6 bxc6 47. bxc6 Rhc2 48. Rb6 Kd6 49. c7+ Kxc7 50. Rg6 Kd7 51. Rxg7+ Kc6 52. Rg6+ Kb5 53. Kf5 Ra8 54. g4 Re8 55. g5 Rf2+ 56. Kg4 Kc4 57. Rf6 Rg2+ 58. Kf5 Rg8 59. g6 Kd3 60. Rd6 Kc4 61. Rc6+ Kd3 62. Rd6 Kc4 63. Ra6 Rf8+ 64. Rf6 Rg8 65. Ra6 Rf8+ 66. Rf6 1/2-1/2

[Event "Moscow blitz 72nd"]
[Site "Moscow"]
[Date "2018.09.08"]
[Round "9"]
[White "Seliverstov, Vladimir"]
[Black "Korovin, Mikhail"]
[Result "0-1"]
[WhiteElo "2462"]
[BlackElo "2311"]
[PlyCount "68"]
[EventDate "2018.09.08"]
[EventType "tourn (blitz)"]
[EventRounds "19"]
[EventCountry "RUS"]
[EventCategory "11"]
[SourceTitle "CBM 186 Extra"]
[Source "ChessBase"]
[SourceDate "2018.08.24"]
[SourceVersion "1"]
[SourceVersionDate "2018.08.24"]
[SourceQuality "1"]

1. d4 Nf6 2. c4 e6 3. g3 Bb4+ 4. Nd2 d5 5. Bg2 0-0 6. Qc2 Re8 7. Ngf3 Bf8 8. 0-0 Nbd7 9. Rd1 c6 10. e4 dxe4 11. Ng5 e3 12. fxe3 h6 13. Ngf3 e5 14. b3 Ng4 15. Nf1 e4 16. Nh4 Ndf6 17. h3 g5 18. hxg4 Bxg4 19. Re1 gxh4 20. gxh4 Bd6 21. Bb2 Nh5 22. d5 Qxh4 23. dxc6 bxc6 24. Qf2 Qg5 25. Kh1 Re6 26. c5 Ng3+ 27. Kg1 Bc7 28. Nxg3 Bf3 29. Nxe4 Bxe4 30. Rf1 Rf8 31. Rad1 Rg6 32. Rd2 Qh5 33. Rd6 Bxd6 34. cxd6 Rxg2+ 0-1

[Event "Moscow blitz 72nd"]
[Site "Moscow"]
[Date "2018.09.08"]
[Round "13"]
[White "Tregubov, Pavel V"]
[Black "Korovin, Mikhail"]
[Result "1-0"]
[WhiteElo "2588"]
[BlackElo "2311"]
[PlyCount "83"]
[EventDate "2018.09.08"]
[EventType "tourn (blitz)"]
[EventRounds "19"]
[EventCountry "RUS"]
[EventCategory "11"]
[SourceTitle "CBM 186 Extra"]
[Source "ChessBase"]
[SourceDate "2018.08.24"]
[SourceVersion "1"]
[SourceVersionDate "2018.08.24"]
[SourceQuality "1"]

1. d4 e6 2. c4 Nf6 3. Nc3 Bb4 4. e3 0-0 5. Bd3 c5 6. Nge2 b6 7. 0-0 cxd4 8. exd4 Bb7 9. Bg5 h6 10. Bh4 Be7 11. Rc1 d5 12. Bb1 dxc4 13. Qc2 Nbd7 14. Rfd1 Re8 15. d5 e5 16. d6 Bf8 17. Nd5 g6 18. Nc7 b5 19. Nxb5 g5 20. Bg3 Be4 21. Qxc4 Bxb1 22. Rxb1 Rc8 23. Qa4 Qb6 24. Nec3 Red8 25. Qxa7 Rc6 26. Qxb6 Rxb6 27. a4 Ra8 28. Rbc1 Nc5 29. Bxe5 Nfd7 30. Bd4 Rbb8 31. Bxc5 Nxc5 32. Nd5 Nxa4 33. Nbc7 Ra5 34. Ne7+ Kg7 35. Nc6 Raa8 36. Nxb8 Rxb8 37. b3 Nb6 38. Rc6 Nd7 39. Na6 Rd8 40. Nc5 Ne5 41. Rc7 Bxd6 42. Ne6+ 1-0

[Event "Minsk rapid op3"]
[Site "Minsk"]
[Date "2018.06.29"]
[Round "2"]
[White "Gharagyozyan, Artur"]
[Black "Korovin, Mikhail"]
[Result "0-1"]
[WhiteElo "2212"]
[BlackElo "2392"]
[PlyCount "82"]
[EventDate "2018.06.29"]
[EventType "swiss (rapid)"]
[EventRounds "9"]
[EventCountry "BLR"]
[SourceTitle "EXT 2021"]
[Source "ChessBase"]
[SourceDate "2020.10.23"]
[SourceVersion "1"]
[SourceVersionDate "2020.10.23"]
[SourceQuality "1"]

1. e4 e6 2. Qe2 c5 3. Nf3 Nc6 4. g3 g6 5. Bg2 Bg7 6. 0-0 Nge7 7. c3 0-0 8. Na3 a6 9. Nc2 b5 10. b3 Bb7 11. Bb2 Qb6 12. Rad1 a5 13. h4 h6 14. Ne3 a4 15. d4 cxd4 16. cxd4 axb3 17. axb3 Ra2 18. e5 Rfa8 19. Ra1 Nb4 20. Rxa2 Rxa2 21. Ra1 Rxa1+ 22. Bxa1 Ned5 23. Bb2 Nxe3 24. Qxe3 Nd5 25. Qe2 Bf8 26. Nd2 Qa5 27. Ne4 Bc6 28. h5 gxh5 29. Kh2 Qa2 30. Qd2 Qb1 31. Bc1 Qxb3 32. Qe2 Qc4 33. Qd2 b4 34. Nd6 Qc3 35. Bxd5 Bxd5 36. Qf4 Bxd6 37. exd6 Qe1 38. f3 Qf2+ 39. Kh3 Bxf3 40. Qd2 Bg4+ 41. Kh4 Qf6+ 0-1

[Event "Minsk rapid op2"]
[Site "Minsk"]
[Date "2018.06.27"]
[Round "8"]
[White "Korovin, Mikhail"]
[Black "Ianov, Viktor"]
[Result "1-0"]
[WhiteElo "2392"]
[BlackElo "2328"]
[PlyCount "78"]
[EventDate "2018.06.27"]
[EventType "swiss (rapid)"]
[EventRounds "9"]
[EventCountry "BLR"]
[SourceTitle "EXT 2021"]
[Source "ChessBase"]
[SourceDate "2020.10.23"]
[SourceVersion "1"]
[SourceVersionDate "2020.10.23"]
[SourceQuality "1"]

1. b3 d6 2. d4 g6 3. Bb2 Bg7 4. Nf3 c5 5. c4 Nc6 6. Qd2 cxd4 7. Nxd4 Nf6 8. Nc3 Bd7 9. Nf3 0-0 10. g3 a6 11. Bg2 Rb8 12. 0-0 b5 13. cxb5 axb5 14. Rfc1 Qa5 15. Nd4 Nxd4 16. Qxd4 Be6 17. b4 Qa6 18. a3 Rfc8 19. Qd2 Qb6 20. Nd1 Ng4 21. Bxg7 Kxg7 22. Rxc8 Rxc8 23. Rc1 Rxc1 24. Qxc1 f6 25. Qc3 Bc4 26. Bf3 Ne5 27. Ne3 Nxf3+ 28. exf3 Be6 29. h4 h5 30. Kg2 d5 31. Nc2 Bd7 32. f4 Qd6 33. Qc5 Qxc5 34. bxc5 e5 35. Nb4 d4 36. c6 Bc8 37. Nd5 d3 38. Kf3 e4+ 39. Ke3 f5 1-0